Регионална библиотека "Любен Каравелов" - Русе

През нашите очички (Запис номер 133836)

MARC детайли
000 -Лидер
Контролно поле с фиксирана дължина 01293nam a2200313 a 4500
003 - Код на организацията, давaща контролен номер
Контролно поле BLK
005 - Дата и час на последна редакция
Контролно поле 20241114005503.0
008 - Елементи от данни с фиксирана дължина
fixed length control field 180409b bul|||||r ||||||| ||bul||
010 ## - Наследен системен номер
LC control number KNG00139737000
040 ## - Източник на каталожния запис
Идентификатор на билиотеката - собственик на записа BLK
041 ## - Код за език
Код за езика на текст/звукозапис или на отделно заглавие Български
Код за езика КДБФ Български
080 ## - УДК
Текстов определител УДК Българска литература
УДК код - определител по УДК 821.163.2
УДК определител -93-32
УДК - код + определител 821.163.2-93-32
100 ## - Редна дума - Автор
Автор Габе, Дора Петрова
Автор - информация (биография) Поетеса и писателка. Преводачка от полски език.
Дати, свързани с автора 1886-1983
Пълна форма на името Габе, Изидора Петрова
R(LIN) 369524
139 ## - Редно поле
Редна дума Габе, Дора Петрова
Авторски знак Габ - Г 13
245 10 - Сведения за заглавието
Заглавие През нашите очички
Подзаглавни данни Разказчета за малки деца : За предучилищна възраст
Редно поле (дума) Дора Габе; худож. Невена Петрова Тузсузова.
257 ## - Страна на издаване
Страна на създаване/издаване България
260 ## - Област на издателските данни
Име на издателя, разпространителя и проч. Нар. младеж
Година на издаване 1962
Място на издаване, разпространение и проч. София
300 ## - Физическа характеристика
Страници 37 с.
Илюстрации и др. с ил.
Размери/Мащаб 37 см
380 ## - Жанр
Жанр Детска худож. лит.
500 ## - Общи забележки
Забележка 70 100 тир.
700 1# - Други автори (авторска отговорност)
Лично име Тузсузова, Невена Петрова
Автороска отговорност (Описва отношението между автора и произведението) худож.
9 (RLIN) 377179
852 ## - Местоположение
Форматна сигнатура Цб ІІ 17460
856 4# - Електронен адрес и достъп
Електронен формат pdf - файл
856 4# - Електронен адрес и достъп
Електронен формат pdf - файл
999 ## - СИСТЕМНИ КОНТРОЛНИ НОМЕРА
Koha biblionumber 133836
Koha biblioitemnumber 133836
942 ## - АРТИКУЛИ
Вид на библиотечния материал Книги
Скрит в OPAC Не
Периодичен библиозапис Да
944 ## - СЪЗДАВАНЕ И РЕДАКЦИЯ на ЗАПИСА
Създаване/Редакция Създаване
Дата на регистрацията/редакция 19.02.2013
Статус, дата на статуса CRON CRON
Служител, извършил регистрацията/редакцията
944 ## - СЪЗДАВАНЕ И РЕДАКЦИЯ на ЗАПИСА
Създаване/Редакция Редакция
Дата на регистрацията/редакция 19.02.2013
Статус, дата на статуса 19.02.2013 - от С1,Р / 19.02.2013
999 ## - СИСТЕМНИ КОНТРОЛНИ НОМЕРА
Koha biblioitemnumber 133836
Наличности
Код за отписване Код за изгубен артикул Източник на класификационната схема Код за повреда Коз за рестрикции Код за отдаване Артикулен № Име на библиотеката - собственик Име на библиотеката, в която се намира в момента Статус (Текущо местоположение) Дата на вписване в системата Местоположение - отдел Цена в лева Инвентарен номер Систематично азбучна сигнатура Баркод Номер на екземпляра Цена в евро Служебна бележка Служебен тип на артикула
  Не е изгубен Universal Decimal Classification Не е повреден само за читалня ползва се в читалня 218442 Регионална библиотека "Любен Каравелов" Русе Регионална библиотека "Любен Каравелов" Русе Хранилище 1962-01-01 Хранилище 0.38 7282/62 Цб ІІ 17460 900000037433 1 0.19 N: стар фонд Дата: 01.01.1962 Книги
Изтеглен Не е изгубен Universal Decimal Classification Не е повреден без рестрикции заемане за дома 218443 Регионална библиотека "Любен Каравелов" Русе Регионална библиотека "Любен Каравелов" Русе Детски отдел 1962-01-01 Детски отдел 0.38 6744/62 ДХ 886.7/Г 13 6744/62 2 0.19 N: стар фонд Дата: 01.01.1962 Дата инв: 01.09.2015 Бележки инв: Д2015 Книги
Изтеглен Не е изгубен Universal Decimal Classification Не е повреден без рестрикции заемане за дома 218444 Регионална библиотека "Любен Каравелов" Русе Регионална библиотека "Любен Каравелов" Русе Детски отдел 1962-01-01 Детски отдел 0.38 6749/62 ДХ 886.7/Г 13 6749/62 3 0.19 N: стар фонд Дата: 01.01.1962 Дата инв: 01.09.2015 Бележки инв: Д2015 Книги
Vip Innovations Ltd, Rousse, Bulgaria 2025